Statistics for Yakko's World

Click here to take the quiz!

General Stats

  • This quiz has been taken 532 times
  • The average score is 99 of 159

Answer Stats

Nation % Correct
United States
100%
Canada
99%
Mexico
98%
Panama
96%
Jamaica
95%
Peru
95%
Haiti
93%
Cuba
89%
Republic Dominican
87%
El Salvador
85%
Greenland
84%
Brazil
82%
Germany
81%
Argentina
79%
Russia
79%
Chile
79%
Puerto Rico
78%
Sweden
77%
Iceland
77%
Colombia
77%
Venezuela
77%
Bolivia
76%
Greece
76%
Italy
76%
Spain
75%
Ecuador
75%
Turkey
75%
Honduras
75%
Costa Rica
74%
China
74%
France
74%
Norway
74%
Guyana
74%
Finland
74%
Caribbean
74%
England
73%
Japan
73%
Guatemala
73%
Paraguay
72%
Guam
72%
Nicaragua
72%
Belize
71%
Oman
71%
Scotland
71%
Ireland
71%
Uruguay
71%
Iran
70%
Austria
70%
Iraq
70%
Poland
69%
Denmark
69%
Barbados
69%
Bahamas
69%
Korea
68%
India
68%
Portugal
68%
Romania
68%
Suriname
68%
Albania
68%
Switzerland
68%
Saudi Arabia
67%
Israel
67%
Both Yemens
67%
Czechoslovakia
67%
Syria
66%
Tobago (Trinidad and Tobago)
66%
San Juan
66%
Pakistan
65%
Lebanon
65%
Hungary
65%
Afghanistan
65%
Taiwan
64%
Cyprus
64%
Jordan
63%
Netherlands
63%
Laos
62%
Mongolia
62%
Thailand
62%
Burma
62%
Bahrain
62%
Bermuda
62%
Bulgaria
62%
Kuwait
62%
New Zealand
61%
Belgium
61%
Indonesia
61%
Australia
61%
Nepal
61%
Kampuchea
61%
Luxembourg
60%
Bangladesh (Asia)
60%
Egypt
60%
Vietnam
60%
Malaysia
59%
Bhutan
59%
Niger
58%
Morocco
57%
Nigeria
57%
Algeria
57%
Botswana
57%
Sudan
57%
Tibet
57%
French Guiana
57%
Tunisia
56%
Chad
55%
Ghana
54%
Angola
53%
Guinea
52%
Uganda
52%
Sri Lanka
52%
Ethiopia
52%
Borneo
52%
Liberia
51%
Zimbabwe
51%
Kenya
51%
Congo
51%
Libya
50%
Togo
50%
New Guinea
50%
Mozambique
50%
Djibouti
50%
Gabon
50%
Somalia
50%
Yugoslavia
50%
Philippines
49%
Benin
49%
Sumatra
48%
Madagascar
48%
Tanzania
48%
Mali
48%
Swaziland
48%
Monaco
47%
Spanish Sahara (is gone)
47%
Namibia
47%
Lesotho
47%
Zambia
47%
Gambia
46%
Burundi
46%
Sierra Leone
46%
Malawi
46%
Zaire
46%
Fiji
45%
Senegal
45%
Mauritania
45%
Rwanda
44%
Algiers
44%
Malta
43%
Qatar
43%
Hong Kong
42%
Guinea-Bissau
41%
Transylvania
41%
Cameroon
41%
Dahomey
40%
Palestine
40%
Crete
40%
Liechtenstein
40%
Cayman
37%
Abu Dhabi
36%
Mahore
24%

Score Distribution

Percentile by Number Answered

Percent of People with Each Score

Your Score History

You have not taken this quiz